Účtovanie dotácie v sústave jednoduchého účtovníctva
Dotácia ako nenávratný finančný príspevok, ktorý môže podnikateľ využívať pri výkone podnikateľskej činnosti. Na rozdiel od úveru a pôžičky, ktoré sú tiež cudzími zdrojmi, dotácia je viazaná na splnenie určitých presne vymedzených podmienok. V podnikateľskej praxi býva dotácia poskytnutá na určitý k...
Guardado en:
| Autor principal: | |
|---|---|
| Formato: | Capítulo de libro |
| Lenguaje: | eslovaco |
| Materias: | |
| Etiquetas: |
Sin Etiquetas, Sea el primero en etiquetar este registro!
|
MARC
| LEADER | 00000naa a2200000 4500 | ||
|---|---|---|---|
| 001 | 0246971 | ||
| 005 | 20221104110913.1 | ||
| 041 | 0 | |a slo | |
| 044 | |a SK | ||
| 245 | 1 | 0 | |a Účtovanie dotácie v sústave jednoduchého účtovníctva |c Jarmila Strählová |
| 520 | |a Dotácia ako nenávratný finančný príspevok, ktorý môže podnikateľ využívať pri výkone podnikateľskej činnosti. Na rozdiel od úveru a pôžičky, ktoré sú tiež cudzími zdrojmi, dotácia je viazaná na splnenie určitých presne vymedzených podmienok. V podnikateľskej praxi býva dotácia poskytnutá na určitý konkrétny účel, ktorý musí podnikateľ splniť. Poskytnutú dotáciu, ak splní podmienky, ktoré má uvedené v zmluve, nevracia. Poskytnutú dotáciu musí podnikateľ zdaniť. Ilustračné príklady. | ||
| 610 | 2 | 0 | |a zdaňovanie |
| 610 | 2 | 0 | |a účtovanie |
| 610 | 2 | 0 | |a účtovníctvo jednoduché |
| 610 | 2 | 0 | |a dotácie |
| 610 | 2 | 0 | |a podnikatelia |
| 100 | 1 | |a Strählová, Jarmila | |